00648nam a22001697a 4500003000400000082001000004100002500014245012000039260003500159300000700194650001600201653000800217942001200225952011200237952011200349999001700461SGT a617.3 aSIDHU, MAHIPAL SINGH aTo study the efficacy of intraarticular platelet rich plasma in management of adhesive capsulitis of shoulder joint aGURUGRAMbSGT UNIVERSITYc2023 a66 aORTHOPAEDIC aM.S 2ddccTH 00102ddc4051718MEDICALaFMbFMcREFd2024-06-25l0o617.3pDT1746r2024-06-25 00:00:00w2024-06-25yTH 00102ddc4051718MEDICALaFMbFMcREFd2024-06-25l0o617.3pDT1747r2024-06-25 00:00:00w2024-06-25yTH c26529d26529